Statistiques concernant Maths et logique

Cliquez ici pour prendre le quiz!

Statistiques générales

  • Ce quiz a été pris 527 fois
  • Le résultat moyen est 6 sur 15

Statistiques - réponses

QuestionRéponse% Correct
Qu'est ce qu'un nombre premier ?un nombre qui n'est divisible par aucun nombre à part 1 et lui-même.
67%
1+2+3+4+5+6+7+8+9+10+11+12 =78
66%
Complête cette suite: 1 1 2 3 5 8 13 21...34
61%
9+6*(45/5) =135
53%
cadeau: 6*7=42
51%
70/8 =8.75
48%
36² =1296
44%
√789655² =789655
43%
est ce que le numéro de la question est premier ?non
41%
6! =720
38%
1+1= en binaire10
36%
Jean a eu un 8/10 et un 2/20, quelle note doit-il avoir pour avoir 12/20 de moyenne?9/10
35%
si je ne suis pas le lendemain et l'après-demain du lendemain de mardi, et pas le lendemain de dimanche et pas le mardi et le jour après le jour après vendredi. Je ne suis pas dimanche, qui suis-je ?mercredi
16%
5(3x+9x)+6 = 58 x = ...0.86
15%
(56*5)/3+9 =23.333
14%

Distribution des résultats

Percentile par nombre de réponses

% des personnes avec chaque résultat

Votre développement - résultats

Vous n’avez pas pris ce quiz